Argentyńczycy w Realu Madryt - nagła śmierć - Statystyki

Ogólne statystyki
  • Ten quiz został rozwiązany 99 razy
  • Średni wynik to 7 z 12
Answers on the Grid
Answers color-coded by a green-red scale on the quiz's grid according to % correct below.
Sergio Aguero
Roberto Ayala
Gabriel Batistuta
Esteban Cambiasso
Angel Di Maria
Alfredo Di Stefano
Fernando Gago
Gabriel Heinze
Gonzalo Higuain
Diego Maradona
Lautaro Martinez
Javier Mascherano
Franco Mastantuono
Lionel Messi
Fernando Redondo
Juan Roman Riquelme
Walter Samuel
Javier Saviola
Diego Simeone
Santiago Solari
Carlos Tevez
Jorge Valdano
Juan Sebastian Veron
Javier Zanetti
 
Statystyki odpowiedzi
Odpowiedź % Poprawnych
Angel Di Maria
95%
Alfredo Di Stefano
85%
Gonzalo Higuain
85%
Franco Mastantuono
76%
Fernando Gago
55%
Javier Saviola
55%
Santiago Solari
55%
Gabriel Heinze
49%
Walter Samuel
48%
Esteban Cambiasso
45%
Fernando Redondo
44%
Jorge Valdano
30%
Nie znaleziono quizów pasujących do podanych kryteriów
Rozkład punktacji
Procent ludzi z każdym wynikiem
Percentyl według liczby udzielonych odpowiedzi
Twoja historia wyników
Nie rozwiązałeś tego quizu